Retrofitting solar shading (Record no. 116043)

MARC details
000 -LEADER
fixed length control field 01127cam a2200337 4500
001 - CONTROL NUMBER
control field L159607
008 - FIXED-LENGTH DATA ELEMENTS--GENERAL INFORMATION
fixed length control field 030912n2017 000 0 eng u
020 ## - INTERNATIONAL STANDARD BOOK NUMBER
International Standard Book Number 1860815839
035 ## - SYSTEM CONTROL NUMBER
System control number (Sirsi) u159607
041 ## - LANGUAGE CODE
Language code of text/sound track or separate title eng
050 ## - LIBRARY OF CONGRESS CALL NUMBER
Classification number 693.96
-- 18
100 ## - MAIN ENTRY--PERSONAL NAME
Personal name Littlefair, P.
245 ## - TITLE STATEMENT
Title Retrofitting solar shading
260 ## - PUBLICATION, DISTRIBUTION, ETC.
Place of publication, distribution, etc. London
Name of publisher, distributor, etc. CRC
Date of publication, distribution, etc. 2017
300 ## - PHYSICAL DESCRIPTION
Extent 8p.
Other physical details ill.
Dimensions 30cm.
490 ## - SERIES STATEMENT
Series statement BRE Information Paper
Volume/sequential designation 3/17
520 ## - SUMMARY, ETC.
Summary, etc. Solar shading can have an important benefit on the environment in buildings, giving valuable savings in cooling energy. This paper describes the solar shading systems commonly used in retrofit and gives guidance on their selection and design.
520 ## - SUMMARY, ETC.
Summary, etc. Supersedes IP 11/02
650 ## - SUBJECT ADDED ENTRY--TOPICAL TERM
Topical term or geographic name entry element RETROFITTING
650 ## - SUBJECT ADDED ENTRY--TOPICAL TERM
Topical term or geographic name entry element SOLAR SHADING
650 ## - SUBJECT ADDED ENTRY--TOPICAL TERM
Topical term or geographic name entry element BLINDS
650 ## - SUBJECT ADDED ENTRY--TOPICAL TERM
Topical term or geographic name entry element OFFICE BUILDINGS
650 ## - SUBJECT ADDED ENTRY--TOPICAL TERM
Topical term or geographic name entry element SUNLIGHT
650 ## - SUBJECT ADDED ENTRY--TOPICAL TERM
Topical term or geographic name entry element GLARE
650 ## - SUBJECT ADDED ENTRY--TOPICAL TERM
Topical term or geographic name entry element GLAZING
651 #4 - SUBJECT ADDED ENTRY--GEOGRAPHIC NAME
Geographic name ENGLAND AND WALES
690 ## - LOCAL SUBJECT ADDED ENTRY--TOPICAL TERM (OCLC, RLIN)
Topical term or geographic name as entry element BUILDING AND CONSTRUCTION-ENERGY MANAGEMENT
710 ## - ADDED ENTRY--CORPORATE NAME
Corporate name or jurisdiction name as entry element Building Research Establishment
710 ## - ADDED ENTRY--CORPORATE NAME
Corporate name or jurisdiction name as entry element United Kingdom
Subordinate unit Department of Trade and Industry
942 ## - ADDED ENTRY ELEMENTS (KOHA)
Suppress in OPAC 0
Holdings
Withdrawn status Lost status Source of classification or shelving scheme Damaged status Not for loan Home library Current library Shelving location Date acquired Total Checkouts Full call number Barcode Date last seen Copy number Price effective from Koha item type
    Dewey Decimal Classification     London London BRE publications 07/11/2017   BRE 30078589 06/08/2019 1 06/08/2019 Book